000 00611nam a2200205Ia 4500
003 GCL
008 140319s9999 xx 000 0 eng d
040 _aGCL /
_cGCL
082 0 4 _a618.92710
_bH A
100 1 _aHAHN, KLAUS
245 1 0 _aATLAS OF BONE SCINTIGRAPHY IN THE DEVELOPING PAEDIARIC SKELETON /
_cHAHN, KLAUS
700 1 _aFISCHER, SIBGIC
700 1 _aISKY GORDON
260 _a[S.N] :
_bSPRINGER - VERLAG ،
_c1993
300 _a316
650 0 4 _aBONE DISEASE IN INFANCY & CHILLHOOD
650 0 4 _aBONE AND BONES - RADIO NUCLARE
650 0 4 _aBONE DICEASE- RADIO NUCLIDE IM
942 _2ddc
_cBK
999 _c16987
_d16987